[Event "Barquisimeto Fide Arbiter"]
[Site "Barquisimeto"]
[Date "2020.02.09"]
[Round "7.1"]
[White "Arteaga Colmenarez, Jaime David"]
[Black "Colmenarez Orsini, Ricardo Elias"]
[Result "0-1"]
[WhiteElo "1897"]
[BlackElo "1941"]
[PlyCount "98"]
[EventDate "2020.02.07"]
[EventType "schev"]
[EventRounds "7"]
[EventCountry "VEN"]
[SourceTitle "EXT 2021"]
[Source "ChessBase"]
[SourceDate "2020.10.23"]
[SourceVersion "1"]
[SourceVersionDate "2020.10.23"]
[SourceQuality "1"]
[WhiteTeam "Robert Fischer CC"]
[BlackTeam "Orianita Aponte Academia"]
[WhiteTeamCountry "VEN"]
[BlackTeamCountry "VEN"]

1. e4 c5 2. Nf3 Nc6 3. d4 cxd4 4. Nxd4 Nf6 5. Nc3 e5 6. Ndb5 d6 7. Bg5 a6 8. Na3 b5 9. Nd5 Be7 10. Bxf6 Bxf6 11. c4 0-0 12. cxb5 Nd4 13. Bd3 Bg5 14. 0-0 g6 15. bxa6 Bxa6 16. Bxa6 Rxa6 17. Nc2 Ne6 18. b4 Qd7 19. Nce3 Qa7 20. a4 Ra8 21. a5 Nd4 22. Nb6 Rb8 23. Ned5 Bd8 24. Rc1 Bxb6 25. Nxb6 Raxb6 26. axb6 Rxb6 27. Qd2 Qb7 28. Qa2 Kg7 29. Rfe1 Rxb4 30. Rb1 Rxb1 31. Qxb1 Qc6 32. Kh1 Qc3 33. Qc1 Qb3 34. Re3 Qa2 35. f4 Ne2 36. Qf1 Nxf4 37. Rf3 Qa7 38. g3 Ne6 39. Qc4 Qd4 40. Qxd4 Nxd4 41. Ra3 Kf6 42. Kg2 h5 43. Kh3 Ne6 44. Rf3+ Ke7 45. Kh4 Nc5 46. Re3 f6 47. g4 hxg4 48. Kxg4 Nxe4 49. Ra3 Ke6 0-1

[Event "Barquisimeto Fide Arbiter"]
[Site "Barquisimeto"]
[Date "2020.02.09"]
[Round "6.1"]
[White "Torres Lucena, Iran"]
[Black "Arteaga Colmenarez, Jaime David"]
[Result "0-1"]
[WhiteElo "1535"]
[BlackElo "1897"]
[PlyCount "104"]
[EventDate "2020.02.07"]
[EventType "schev"]
[EventRounds "7"]
[EventCountry "VEN"]
[SourceTitle "EXT 2021"]
[Source "ChessBase"]
[SourceDate "2020.10.23"]
[SourceVersion "1"]
[SourceVersionDate "2020.10.23"]
[SourceQuality "1"]
[WhiteTeam "Orianita Aponte Academia"]
[BlackTeam "Robert Fischer CC"]
[WhiteTeamCountry "VEN"]
[BlackTeamCountry "VEN"]

1. e4 c5 2. Nf3 d6 3. d4 cxd4 4. Nxd4 Nf6 5. Nc3 a6 6. Be2 e6 7. 0-0 Be7 8. Kh1 Qc7 9. f4 0-0 10. Be3 Nc6 11. Bd3 Bd7 12. a3 b5 13. Qf3 Nxd4 14. Bxd4 e5 15. fxe5 dxe5 16. Bg1 Bc6 17. Nd5 Bxd5 18. exd5 Rad8 19. c4 bxc4 20. Rac1 Qb7 21. Bxc4 Qxb2 22. Rc3 e4 23. Qh3 Qd2 24. Rg3 Kh8 25. Be3 Qb2 26. Bc1 Qd4 27. Ba2 Bd6 28. Rg5 Qd3 29. Qf5 h6 30. Rxg7 Qxf1+ 31. Qxf1 Kxg7 32. Bb2 Be7 33. Qf5 Rd6 34. Qxe4 Rb8 35. Be5 Rbb6 36. Bc4 Kf8 37. Bxf6 Rxf6 38. d6 Rfxd6 39. h3 Rd1+ 40. Kh2 Rd8 41. Qf3 Bd6+ 42. g3 Rb2+ 43. Kh1 Ra2 44. Qb3 Rb2 45. Qc3 Bb4 46. Qc1 Kg7 47. Qd1 Kh7 48. Qd3+ Kg7 49. Qd1 Kh7 50. Qd3+ Kg7 51. Qd1 h5 52. g4 Rc2 0-1